000 00268nam a2200109Ia 4500
008 200302s9999 xx 000 0 und d
100 _aBruce Grillmeler
245 _aOutdoor play spaces for children
260 _bThe Images Publishing
260 _c2015
300 _a263
999 _c6588
_d6588